Nauki spoleczno-ekonomiczne

Salvato in:
Dettagli Bibliografici
Natura: Libro
Lingua:polacco
Pubblicazione: Czestochowa Politechnika Czestochowska 1982
Serie:Zeszyty naukowe Politechniki Czestochowskiej nr. 122
Tags: Aggiungi Tag
Nessun Tag, puoi essere il primo ad aggiungerne!!

MARC

LEADER 00000nam a2200000 4500
001 c131262
005 20250901085429.8
041 0 |a pol 
044 |a PL 
245 1 0 |a Nauki spoleczno-ekonomiczne 
264 1 |a Czestochowa  |b Politechnika Czestochowska  |c 1982 
300 |a 218 s. 
490 1 |a Zeszyty naukowe Politechniki Czestochowskiej  |v nr. 122 
830 0 |a Zeszyty naukowe Politechniki Czestochowskiej  |v nr. 122